| 000 | 00863nam a22002177a 4500 | ||
|---|---|---|---|
| 005 | 20090521140339.0 | ||
| 008 | 090521t xxu||||| |||| 00| 0 eng d | ||
| 010 | _aENG-93647 | ||
| 020 |
_a8178120461 _c295.00 |
||
| 035 | _aEN-77180 | ||
| 037 | _bDBAD / PUB | ||
| 040 |
_adpl _bEnglish |
||
| 082 | _a000 | ||
| 245 |
_aR. Gupta's popular master guide CAT (Common Admission Test): _bIIM-Ahmedabad, Bangalore, Indore, Kolkata, Kozhikode, Lucknow |
||
| 260 |
_aNew Delhi _bRamesh Publishing House _c2009 |
||
| 270 |
_a12-H, New Daryaganj Road, Opp. Traffic Kotwali, _bNew Delhi _e110002 |
||
| 300 |
_aVarious pagings _c25cm(pbk) |
||
| 650 | _aCommon Admission Test | ||
| 942 |
_2ddc _cEN _mRGU _h000 |
||
| 999 |
_c26664 _d26664 |
||